| 000 | 00000nam 2200000zi 4500 |
| 001 | 9.921646 |
| 003 | CaOODSP |
| 005 | 20231124145230 |
| 006 | m o d f |
| 007 | cr mn||||||||| |
| 008 | 230412t20232023onca o f000 0 ||| d |
| 020 | |a9780660483580 |
| 040 | |aCaOODSP|bfre|erda|cCaOODSP |
| 041 | 7|acrg|2iso639-3 |
| 043 | |an-cn--- |
| 086 | 1 |aH14-424/3-2022Crg-PDF |
| 245 | 00|aKenadaw li dawnchee weechihiwaywin. |
| 250 | |a[Édition michif]. |
| 264 | 1|a[Ottawa] : |bGovernment of Canada = Gouvernement du Canada, |c[2023] |
| 264 | 4|c©2023 |
| 300 | |a1 ressource en ligne (1 page) : |billustrations |
| 336 | |atexte|btxt|2rdacontent/fre |
| 337 | |ainformatique|bc|2rdamedia/fre |
| 338 | |aressource en ligne|bcr|2rdacarrier/fre |
| 500 | |aPublié aussi en français sous le titre : Feuillet d'information sur la Prestation dentaire canadienne; et en anglais sous le titre : Canada Dental Benefit factsheet. |
| 500 | |aFichier de publication remplacé par un nouveau à la demande du ministère auteur, 24 novembre 2023. |
| 500 | |aPublié par : Santé Canada. |
| 500 | |a« Pub.: 230042. » |
| 546 | |aTexte en michif. |
| 650 | 6|aEnfants|xSoins dentaires|zCanada|xFinances. |
| 650 | 6|aEnfants|xSoins dentaires|xPolitique gouvernementale|zCanada. |
| 710 | 1 |aCanada. |bSanté Canada, |eorganisme de publication. |
| 775 | 08|tFeuillet d'information sur la Prestation dentaire canadienne.|w(CaOODSP)9.918253 |
| 791 | |tKenadaw li dawnchee weechihiwaywin.|eeng|w(CaOODSP)9.921645 |
| 856 | 40|qPDF|s110 Ko|uhttps://publications.gc.ca/collections/collection_2023/sc-hc/H14-424-3-2022-crg.pdf |
| 856 | 4 |qHTML|sS.O.|uhttps://www.canada.ca/fr/services/sante/vie-saine/dents-bouche/prestations-dentaire-canadienne-ressources-multilingues/feuillets-information/michif-cri.html |
| 986 | |a230042 |